Various Abbreviations: A to Z #2 - Statistics

General Stats
  • This quiz has been taken 27 times
    21 since last reset
  • The average score is 31 of 98
Answer Stats
Category Abbreviation Answer % Correct
identity LGBTQIA Bisexual
100%
identity LGBTQIA Gay
100%
identity LGBTQIA Lesbian
100%
identity LGBTQIA Queer/Questioning
100%
identity LGBTQIA Transgender
100%
aid UNICEF Nations
88%
aid UNICEF United
88%
identity LGBTQIA Asexual/Aromantic/Agender
75%
practice BDSM Bondage
75%
identity LGBTQIA Intersex
75%
electronic component PCB Board
63%
physics QCD Quantum
63%
practice BDSM Domination
50%
aid UNICEF Fund
50%
practice BDSM Masochism
50%
automotives VIN Number
50%
practice BDSM Sadism
50%
agency KGB Bezopasnosti
38%
music ABBA Björn
38%
electronic component PCB Circuit
38%
sports organisation FIDE Des
38%
physics QCD dynamics
38%
sports organisation FIDE Échecs
38%
sports organisation FIDE Fédération
38%
agency KGB Gosudarstvennoy
38%
automotives VIN Identification
38%
sports organisation FIDE Internationale
38%
file format JPEG Joint
38%
agency KGB Komitet
38%
file format XML Language
38%
file format XML Markup
38%
technology GNU Not
38%
electronic component PCB Printed
38%
practice BDSM Submission
38%
technology GNU Unix!
38%
automotives VIN Vehicle
38%
organisation W3C World
38%
trade union SAG–AFTRA Actors
25%
music ABBA Agnetha
25%
drug MDMA amphetamine
25%
music ABBA Benny
25%
aid UNICEF Children's
25%
physics QCD Chromo
25%
video NTSC Committee
25%
organisation W3C Consortium
25%
talk TED Design
25%
medical publication DSM-5 Diagnostic
25%
talk TED Entertainment
25%
file format JPEG Experts
25%
file format XML Extensible
25%
charity Oxfam Famine
25%
technology GNU GNU's
25%
file format JPEG Group
25%
telecommunications EDGE GSM
25%
medical publication DSM-5 Manual
25%
drug MDMA meth
25%
video NTSC National
25%
charity Oxfam Oxford
25%
file format JPEG Photographic
25%
talk TED Technology
25%
organisation W3C Web
25%
organisation W3C Wide
25%
encryption RSA Adleman
13%
fiction HAL 9000 Algorithmic
13%
trade union SAG–AFTRA American
13%
music ABBA Anni-Frid
13%
trade union SAG–AFTRA Artists
13%
United Nations body IPCC Change
13%
United Nations body IPCC Climate
13%
biotechnology CRISPR Clustered
13%
telecommunications EDGE Data
13%
drug MDMA dioxy​
13%
practice BDSM Discipline
13%
telecommunications EDGE Enhanced
13%
telecommunications EDGE Evolution
13%
trade union SAG–AFTRA Federation
13%
connector ZIF Force
13%
trade union SAG–AFTRA Guild
13%
fiction HAL 9000 Heuristically
13%
connector ZIF Insertion
13%
United Nations body IPCC Intergovernmental
13%
biotechnology CRISPR Interspaced
13%
country-code YT Mayotte
13%
drug MDMA Methylene
13%
biotechnology CRISPR Palindromic
13%
United Nations body IPCC Panel
13%
trade union SAG–AFTRA Radio
13%
biotechnology CRISPR Regularly
13%
biotechnology CRISPR Repeats
13%
encryption RSA Rivest
13%
trade union SAG–AFTRA Screen
13%
encryption RSA Shamir
13%
biotechnology CRISPR Short
13%
medical publication DSM-5 Statistical
13%
video NTSC Television
13%
trade union SAG–AFTRA Television
13%
connector ZIF Zero
13%
video NTSC System
0%
No matching quizzes found
Score Distribution
Percent of People with Each Score
Percentile by Number Answered
Your Score History
You have not taken this quiz since the last reset